| 000 | 00649cam a2200193 a 4500 | ||
|---|---|---|---|
| 020 | _a9789712202513 (pbk.) | ||
| 040 | _cNLGGC | ||
| 082 | _a633 INT 2009 A039 Or. | ||
| 245 | 0 | 0 |
_aPlanthoppers : _bnew threats to the sustainability of intensive rice production systems in Asia / |
| 260 |
_aLos Banos, Philippines : _bInternational Rice Research Institute (IRRI), _cc2009. |
||
| 300 |
_aix, 460 p. : _bill. (some col.), maps ; _c23 cm. |
||
| 650 | 0 | _aRice | |
| 650 | 0 | _aPlanthoppers | |
| 650 | 0 | _aPlanthoppers | |
| 700 | 1 | _aHeong, K. L. | |
| 700 | 1 | _aHardy, B. | |
| 856 | 4 | 1 | _uhttp://www.loc.gov/catdir/toc/fy12pdf01/2011308029.html |
| 942 | _cEK | ||
| 999 |
_c11996 _d11996 |
||